000
00294nam a2200121Ia 4500
008
190216s9999||||xx |||||||||||||| ||und||
100
_a
Diwan Chand S
245
0
_a
Living Voices
260
_b
Blackie Publishers & Distributors
_c
1955
300
_a
195p
650
_a
English Prose
942
_c
BK
999
_c
11608
_d
11608